000 01303nam a22003371i 4500
001 ebr10795905
003 CaPaEBR
006 m o d
007 cr cn|||||||||
008 131203s2013 enk ob 000 0 eng d
020 _a9781909287488 (e-book)
020 _z9781909287471
040 _aCaPaEBR
_beng
_erda
_epn
_cCaPaEBR
035 _a(OCoLC)853459117
050 1 4 _aHD57.7
_b.W8 2013eb
100 1 _aWu, Bingxin.
245 1 0 _aNew theory on leadership management science /
_cBingxin Wu.
264 1 _aOxford :
_bChartridge Books Oxford,
_c2013.
300 _a1 online resource (896 pages)
336 _atext
_2rdacontent
337 _acomputer
_2rdamedia
338 _aonline resource
_2rdacarrier
504 _aIncludes bibliographical references.
588 _aDescription based on online resource; title from PDF title page (ebrary, viewed December 3, 2013).
590 _aElectronic reproduction. Palo Alto, Calif. : ebrary, 2013. Available via World Wide Web. Access may be limited to ebrary affiliated libraries.
650 0 _aLeadership.
650 0 _aManagement science.
655 0 _aElectronic books.
797 2 _aebrary.
856 4 0 _uhttp://site.ebrary.com/lib/rucke/Doc?id=10795905
_zAn electronic book accessible through the World Wide Web; click to view
999 _c138474
_d138474